Регионална библиотека "Любен Каравелов" - Русе

Горо ле, майко хайдушка (Запис номер 154211)

MARC детайли
000 -Лидер
Контролно поле с фиксирана дължина 01378nam a2200313 c 4500
003 - Код на организацията, давaща контролен номер
Контролно поле BLK
005 - Дата и час на последна редакция
Контролно поле 20180422113258.0
008 - Елементи от данни с фиксирана дължина
fixed length control field 180410b bul|||||r ||||||| ||bul||
010 ## - Наследен системен номер
LC control number KNG00160780000
040 ## - Източник на каталожния запис
Идентификатор на билиотеката - собственик на записа BLK
041 ## - Код за език
Код за езика на текст/звукозапис или на отделно заглавие Български
Код за езика КДБФ Български
080 ## - УДК
Текстов определител УДК Българска литература
УДК код - определител по УДК 821.163.2
УДК определител -192
УДК - код + определител 821.163.2-192
080 ## - УДК
Текстов определител УДК Народни песни
УДК код - определител по УДК 398.8
УДК определител (497.2)
УДК - код + определител 398.8(497.2)
139 ## - Редно поле
Редна дума Горо ле, майко хайдушка
Авторски знак Горо - Г 69
245 10 - Сведения за заглавието
Заглавие Горо ле, майко хайдушка
Подзаглавни данни Нар. песен
Редно поле (дума) отбор и ред. на Димитър Осинин; отбор и ред. на Иван Бурин.
257 ## - Страна на издаване
Страна на създаване/издаване България
260 ## - Област на издателските данни
-- София
Име на издателя, разпространителя и проч. Бълг. писател
Година на издаване 1953
Печатница София : Стопанско развитие
300 ## - Физическа характеристика
Страници 302 с.
Размери/Мащаб 21 см
380 ## - Жанр
Жанр Худож. лит.
500 ## - Общи забележки
Забележка 2 100 тир.
650 #4 - Допълнително описание по предмет – тема
Основно описание – тема или топоним Народни песни - България
9 (RLIN) 292142
700 1# - Други автори (авторска отговорност)
Лично име Осинин, Димитър
Автороска отговорност (Описва отношението между автора и произведението) отбор и ред. на
Друга информация Попов, Димитър Николов
9 (RLIN) 104981
700 1# - Други автори (авторска отговорност)
Лично име Бурин, Иван
Автороска отговорност (Описва отношението между автора и произведението) отбор и ред. на
Друга информация Алексиев, Иван Трифонов
9 (RLIN) 367848
852 ## - Местоположение
Форматна сигнатура Цб 1442
856 4# - Електронен адрес и достъп
Електронен формат pdf - файл
Път до файла /url/
856 4# - Електронен адрес и достъп
Електронен формат pdf - файл
Път до файла /url/
942 ## - АРТИКУЛИ
Вид на библиотечния материал Книги
Скрит в OPAC Не
944 ## - СЪЗДАВАНЕ И РЕДАКЦИЯ на ЗАПИСА
Създаване/Редакция Създаване
Дата на регистрацията/редакция 16.05.2014
Статус, дата на статуса 16.05.2014 - от С1,Р / 16.05.2014
Служител, извършил регистрацията/редакцията Симона_Петрова
944 ## - СЪЗДАВАНЕ И РЕДАКЦИЯ на ЗАПИСА
Създаване/Редакция Редакция
Дата на регистрацията/редакция 16.05.2014
Статус, дата на статуса 16.05.2014 - от С1,Р / 16.05.2014
Служител, извършил регистрацията/редакцията
999 ## - СИСТЕМНИ КОНТРОЛНИ НОМЕРА
Koha biblionumber 154211
Koha biblioitemnumber 154211
Наличности
Код за отписване Код за изгубен артикул Източник на класификационната схема Код за повреда Коз за рестрикции Код за отдаване Артикулен № Име на библиотеката - собственик Име на библиотеката, в която се намира в момента Статус (Текущо местоположение) Дата на вписване в системата Местоположение - отдел Цена в лева Инвентарен номер Систематично азбучна сигнатура Баркод Номер на екземпляра Цена в евро Служебна бележка Служебен тип на артикула
  Не е изгубен Universal Decimal Classification Не е повреден без рестрикции ползва се в читалня 258393 Регионална библиотека "Любен Каравелов" Русе Регионална библиотека "Любен Каравелов" Русе Хранилище 1953-01-01 Основен фонд - ползва се само за читалня 1.20 6393/53 Цб 1442 900000050269 1 0.61 N: стар фонд Дата: 01.01.1953 Книги
Изтеглен Не е изгубен Universal Decimal Classification Не е повреден без рестрикции заемане за дома 258394 Регионална библиотека "Любен Каравелов" Русе Регионална библиотека "Любен Каравелов" Русе Детски отдел 1953-01-01 Детски отдел 1.20 6396/53 ДХ 886.7/Г 69 6396/53 2 0.61 N: стар фонд Дата: 01.01.1953 Дата инв: 01.09.2015 Бележки инв: Д2015 Книги
Vip Innovations Ltd, Rousse, Bulgaria 2025